The bible : (Record no. 396)

MARC details
000 -LEADER
fixed length control field 00703nam a2200205Ka 4500
001 - CONTROL NUMBER
control field 944996
008 - FIXED-LENGTH DATA ELEMENTS--GENERAL INFORMATION
fixed length control field 990209c19981997enk 00 eng d
020 ## - INTERNATIONAL STANDARD BOOK NUMBER
International Standard Book Number 0192835254
130 0# - MAIN ENTRY--UNIFORM TITLE
Uniform title Bible.
Language of a work English.
Version Authorized King James version.
Date of a work 1997.
245 14 - TITLE STATEMENT
Title The bible :
Remainder of title authorized King James version /
Statement of responsibility, etc. with an introduction and notes by Robert Carroll and Stephen Prickett.
260 ## - PUBLICATION, DISTRIBUTION, ETC.
Place of publication, distribution, etc. Oxford :
Name of publisher, distributor, etc. Oxford University Press,
Date of publication, distribution, etc. 1998, c1997.
300 ## - PHYSICAL DESCRIPTION
Extent -
490 0# - SERIES STATEMENT
Series statement Oxford world's classics
500 ## - GENERAL NOTE
General note First published as a World's classics paperback, 1997.
700 10 - ADDED ENTRY--PERSONAL NAME
Personal name Carroll, Robert P.
700 10 - ADDED ENTRY--PERSONAL NAME
Personal name Prickett, Stephen.
942 ## - ADDED ENTRY ELEMENTS (KOHA)
Source of classification or shelving scheme Dewey Decimal Classification
Koha item type Books
956 ## - LOCAL ELECTRONIC LOCATION AND ACCESS (OCLC)
Host name NLS
Holdings
Withdrawn status Lost status Damaged status Not for loan Collection Home library Current library Shelving location Date acquired Barcode Date last seen Price effective from Koha item type
        Reference Centerville Centerville Reference 10/15/2014 39999000016819 10/15/2014 10/15/2014 Books